| 000 | 01085nam a22002537a 4500 | ||
|---|---|---|---|
| 005 | 20250919152302.0 | ||
| 008 | 250919b |||||||| |||| 00| 0 eng d | ||
| 040 | _cAL | ||
| 041 | _akan | ||
| 082 |
_a351.3K _bRAVC |
||
| 100 |
_aRavikumar B G and others _9239757 |
||
| 100 |
_dರವಿಕುಮಾರ್ ಬಿ ಜಿ ಮತ್ತು ಇತರರು _9239729 |
||
| 245 |
_aCon Booster : Nemakati pariksha mahiti sangraha _b: ಕಾನ್ ಬೂಸ್ಟರ್ ನೇಮಕಾತಿ ಪರೀಕ್ಷಾ ಮಾಹಿತಿ ಸಂಗ್ರಹ |
||
| 260 |
_aDavanagere _bUniversal Publications _c2024 |
||
| 300 |
_axvi,1093p _bPB _c27x21cm |
||
| 365 |
_2General _aKSCR-000457 _b720.00 _c₹ _d900.00 _e20% _f18-09-2025 |
||
| 650 |
_aGeneral Studies _9239730 |
||
| 650 |
_aIAS SSC RRB PSI PC FDA SDA PDO GPS KAS KES BEd DEd KSRTC Group C _9239731 |
||
| 700 |
_aMujibulla, Syed _9239732 |
||
| 700 |
_aಮುಜಿಬುಲ್ಲಾ, ಸೈಯದ್ _9239733 |
||
| 700 |
_aIsmail, Syed _9239734 |
||
| 700 |
_aಇಸ್ಮಾಯಿಲ್ , ಸೈಯದ್ _9239738 |
||
| 942 |
_2ddc _cBK |
||
| 999 |
_c240465 _d240465 |
||